Teacher's social connectedness and students' academic performances among grade two student / (Record no. 13932)
[ view plain ]
| 000 -LEADER | |
|---|---|
| fixed length control field | 00601nam a22001577a 4500 |
| 008 - FIXED-LENGTH DATA ELEMENTS--GENERAL INFORMATION | |
| fixed length control field | 190523b ||||| |||| 00| 0 eng d |
| 082 ## - DEWEY DECIMAL CLASSIFICATION NUMBER | |
| Edition number | 2017 |
| Classification number | UT1313 |
| Item number | P76 |
| 100 ## - MAIN ENTRY--PERSONAL NAME | |
| Personal name | Poldo, Jenelyn M. |
| 9 (RLIN) | 38799 |
| 245 ## - TITLE STATEMENT | |
| Title | Teacher's social connectedness and students' academic performances among grade two student / |
| Statement of responsibility, etc. | Jenelyn M. Poldo, Jovelyn A. Sacare, and Zesa Mae C. Suan |
| 260 ## - PUBLICATION, DISTRIBUTION, ETC. (IMPRINT) | |
| Place of publication, distribution, etc. | Digos City: |
| Name of publisher, distributor, etc. | UMDC, |
| Date of publication, distribution, etc. | November 2017. |
| 300 ## - PHYSICAL DESCRIPTION | |
| Extent | 50 pages; |
| Dimensions | 30 cm. |
| 650 ## - SUBJECT ADDED ENTRY--TOPICAL TERM | |
| Topical term or geographic name as entry element | Elementary |
| General subdivision | undergraduate thesis. |
| 9 (RLIN) | 38776 |
| 700 ## - ADDED ENTRY--PERSONAL NAME | |
| Personal name | Sacare, Jovelyn A. |
| 9 (RLIN) | 38800 |
| 700 ## - ADDED ENTRY--PERSONAL NAME | |
| Personal name | Suan, Zesa Mae C. |
| 9 (RLIN) | 38801 |
| 942 ## - ADDED ENTRY ELEMENTS (KOHA) | |
| Source of classification or shelving scheme | Dewey Decimal Classification |
| Koha item type | Undergraduate Thesis |
| Withdrawn status | Lost status | Source of classification or shelving scheme | Damaged status | Not for loan | Home library | Current library | Date acquired | Total Checkouts | Full call number | Barcode | Date last seen | Copy number | Price effective from | Koha item type |
|---|---|---|---|---|---|---|---|---|---|---|---|---|---|---|
| Dewey Decimal Classification | UM Digos College - LIC | UM Digos College - LIC | 04/23/2019 | UT 1313 P76 2017 | UT1313 | 05/23/2019 | 1 | 05/23/2019 | Undergraduate Thesis |
